000 00717nam a2200229Ia 4500
001 9216
003 GE_BSU
008 181216s||||||||xx |||||||||||||| ||und||
040 _cGE_BSU
080 _a821.353.1-32
100 _aლორთქიფანიძე,კონსტანტინე
245 _aცაბუნია
245 _bმოთხრობები
245 _cრედ:ო.შალამბერიძე;მხატვ:ს.ცინცაძე
260 _aთბილისი.
260 _bგანათლება
260 _c1973
300 _a380გვ;17სმ
653 _aმოთხრობები
653 _aცაბუნია
942 _cBK
999 _c42519
_d42519